Bariéra Einsteinova

Saved in:
Bibliographic Details
Main Author: Čejteiová, Monika (Author)
Other Authors: Šebo, Tomáš (Thesis advisor)
Format: Manuscript Book
Language:Slovak
Published: 2025
Subjects:
Online Access:http://is.stuba.sk/zp/portal_zp.pl?podrobnosti=185265
Tags: Add Tag
No Tags, Be the first to tag this record!

MARC

LEADER 00000ntm a22000003a 4500
001 stuzp104732
003 SK-STU
005 20250607210755.0
007 ta
008 150427s2015----xo-----f-mn---000-0-slo-d
040 |a STU  |b slo 
041 0 |a slo 
100 1 |a Čejteiová, Monika  |u 051110  |4 aut  |U FAD Fakulta architektúry a dizajnu  |T FAD Ústav architektúry obytných budov  |X 103557  |U A1110  |Y 392  |7 103557 
242 0 1 |a Barrier Einsteinova  |y eng 
245 1 0 |a Bariéra Einsteinova 
260 |c 2025 
650 4 |a culture  |2 eng 
650 4 |a authenticity  |2 eng 
650 4 |a theatre  |2 eng 
650 4 |a line  |2 eng 
650 4 |a autentickosť  |2 slo 
650 4 |a divadlo  |2 slo 
650 4 |a línia  |2 slo 
650 4 |a kultúra  |2 slo 
700 1 |a Šebo, Tomáš  |4 ths  |X 79065  |7 79065 
856 4 |u http://is.stuba.sk/zp/portal_zp.pl?podrobnosti=185265